LEADER 01881nam a2200349 a 4500 001 000000165874 003 CaOOAMICUS 005 20180212102014.0 008 180212s2005 it u000 u ita r 020 $a88-498-1575-1* 032 $aLibriCat 040 $aPUL$bita 082 04$a195 100 1 $aCuttini, Elisa.$0(OLS)http://pul/name/106914 245 10$aUnità e pluralità nella tradizione europea della filosofia pratica di Aristotele :$bGirolamo Savonarola, Pietro Pomponazzi e Filippo Melantone /$cElisa Cuttini ; premessa di Franco Biasutti. 260 $aSoveria Mannelli :$bRubbettino,$c©2005. 300 $aVII, 215 p. ;$c23 cm. 490 1 $aSaggi e testi. Nuova serie ;$v2 (28) 500 $aNell'occhietto: Università di Padova. Dipartimento di Filosofia. Università della Calabria. Dipartimento di Filosofia. Centro Interuniversitario per la Storia della Tradizione Aristotelica. 504 $aBibliografia (p. [195]-214) e indice. 600 04$aAristoteles,$d384-322 a.C.$xInfluenza.$0(OLS)http://pul/subject/22352 650 4$aFilosofia europea.$0(OLS)http://pul/subject/12770 700 1 $aBiasutti, Franco.$0(OLS)http://pul/name/31106 830 0$aSaggi e testi.$pNuova serie (Rubbettino) ;$v2 (28).$0(OLS)http://pul/title/205576 850 $aPUL 852 $aPUL$W1$xSL Filosofia 3$y81$m195 CUTEL 1$j190309$qDDC 21$B193240$CPULBib$Z2$F193240 $H130486 $81 941 1 $a9 996 $6020$a88-498-1575-1*$9(OLS)http://pul/number/163462 996 $6082$a195$9(OLS)http://pul/classification/342 996 $6245$aUnità e pluralità nella tradizione europea della filosofia pratica di Aristotele :$bGirolamo Savonarola, Pietro Pomponazzi e Filippo Melantone$9(OLS)http://pul/title/205575 996 $6260$aSoveria Mannelli :$bRubbettino$9(OLS)http://pul/publisher/51639 LEADER 01783nam a2200385 a 4500 001 000000160110 003 CaOOAMICUS 005 20170410111631.0 008 170410s2008 fr u000 u fre r 020 $a9782251005461* 032 $aLibriCat 040 $aPUL$bita 041 1 $afre$agrc$hgrc 082 04$a880 100 0 $aDamascius Damascenus,$dsec. IV.$0(OLS)http://pul/name/15741 240 10$aIn Platonis Philebum.$lFrancese e greco.$0(OLS)http://pul/title/199750 245 10$aCommentaire sur le Philèbe de Platon /$cDamascius ; texte établi, traduit et annoté par Gerd Van Riel en collaboration avec Caroline Macé e Jacques Follon. 260 $aParis :$bLes Belles Lettres,$c2008. 300 $a8, CCXXXII, 205 p. (1-86 doppie) ;$c19 cm. 490 1 $aCollection des universités de France 500 $aTesto greco e trad. a fronte, con la stessa numerazione di pagine. 700 1 $aRiel, Gerd van.$0(OLS)http://pul/name/23805 700 1 $aMacé, Caroline,$d1970-$0(OLS)http://pul/name/102414 700 1 $aFollon, Jacques.$0(OLS)http://pul/name/16846 830 0$aCollection des universités de France.$0(OLS)http://pul/title/1172 850 $aPUL 852 $aPUL$W1$xSL Cons. Gen., Altre Classi 3$y75$m880 COLL 3.DAM.3.1$j183707$qDDC 21$B186915$CPULBib$Z2$F186915 $H129241 $81 900 $aDamascio Damasceno,$dsec. IV$915741 900 $aDamascius di Damasco,$dsec. IV$915741 941 1 $a9 996 $6020$a9782251005461*$9(OLS)http://pul/number/162443 996 $6082$a880$9(OLS)http://pul/classification/674 996 $6245$aCommentaire sur le Philèbe de Platon$9(OLS)http://pul/title/199751 996 $6260$aParis :$bLes Belles Lettres$9(OLS)http://pul/publisher/48357